| 000 | 00612nam a22002057a 4500 | ||
|---|---|---|---|
| 003 | 0 | ||
| 005 | 20250828135617.0 | ||
| 008 | 250828b xxu||||| |||| 00| 0 eng d | ||
| 020 | _a979-8-88836-797-1 | ||
| 050 |
_aPN 4731 _b.H84 2025 |
||
| 100 |
_aHughes, Kai, _eauthor. |
||
| 245 |
_aThe Journalism handbook / _cKai Hughes. |
||
| 260 |
_aNew York, NY : _bLarsen & Keller Education, _c2025. |
||
| 300 |
_avi, 246 pages : _bcolored illustrations ; _c26 cm. |
||
| 504 | _aIncludes bibliographical references and index. | ||
| 650 | _aJournalism. | ||
| 650 | _aMass media. | ||
| 650 | _aPress. | ||
| 942 |
_2lcc _cBK |
||
| 999 |
_c367663 _d367663 |
||